|
|
|
|
| LEADER |
00000cam a2200000 a 4500 |
| 001 |
vtls001322121 |
| 003 |
SK-MaSNL |
| 005 |
20260301200232.0 |
| 008 |
980224s1767 xo 0 lat |
| 015 |
|
|
|a SNBHFA
|
| 035 |
|
|
|a SNK000274796
|
| 040 |
|
|
|a SNK
|b slo
|c SNK
|e AACR2
|
| 041 |
0 |
|
|a lat
|
| 044 |
|
|
|a xo
|c SK
|
| 072 |
|
7 |
|a 2-1
|x Prirodzená teológia. Náboženská filozofia
|2 konspekt
|
| 080 |
|
|
|a 2-1
|2 2011
|
| 100 |
1 |
|
|a Čapody, Ľudovít,
|d 1729-1801
|4 aut
|9 158508
|
| 245 |
1 |
0 |
|a Assertiones Ex Universa Theologia
|b Quas In Alma, Ac Celeberrima Archi - Episcopali Societatis Jesu Universitate Tyrnaviensi Anno MDCCLXVII. Mense Junio, die horis ante, Et pomeridiani
|c publice propugnavit Rev. Nob. Excel. Ac Doctiss. Dominus Adamus Vizer, AA. LL. & Phil. Mag. SS. Theol. in 4tum annum Auditor, ejusdem Baccalaureus formatus, nec non pro suprema laurea Cand. Sem. Gen. Cleri reg. hung. Alumn-Presbyter Dioec. Quinque-Ecclesiensis ; Ex Praelectionibus R. P. Ludovici Csapodi, e Soc. Jesu, SS. Theol. Doctoris, ejusdemque Professoris Ordin. nec non Inclytae Facultatis Theologicae Decani Spectabilis. Et R. P. josephi Kenyeres ex eadem Soc. Jesu, SS. Theol. Doct.
|
| 260 |
|
|
|a [Trnava]
|b [Akademická tlačiareň]
|c Anno MDCCLXVII. [=1767]
|
| 300 |
|
|
|a [20] s.
|c 16 cm
|
| 500 |
|
|
|a Vlysy. Vinety. Ozdobné iniciály. Zložky. Kustody
|
| 501 |
|
|
|a Prív. 1. k: BOSSUET, Jacques-Bénigne. Doctrinaea Catholicae. tyrnaviae : Typis Academicis, Societatis Jesu, 1755.
|5 SNK SD 56077/prív.1
|
| 508 |
|
|
|a Venovanie Ádáma Jánosa Vizera
|
| 510 |
4 |
|
|a Petrik
|c V/105
|
| 550 |
|
|
|a Impresum podľa Petrika
|
| 650 |
0 |
7 |
|a teológia
|2 SNKPH
|9 1814
|
| 655 |
|
7 |
|a promočné tlače
|2 SNKPH
|9 73127
|
| 700 |
1 |
|
|a Kenereš, Jozef,
|d 1724-1805
|4 aut
|9 384730
|
| 700 |
1 |
|
|a Vizer, Ádám János,
|d 1743-1803
|4 dis
|4 dto
|9 389176
|
| 710 |
2 |
|
|a Akademická tlačiareň (Trnava, Slovensko)
|4 prt
|9 232890
|
| 752 |
|
|
|a Slovensko
|d Trnava
|
| 852 |
|
|
|a snk
|p SD 56077/prív.1
|
| 958 |
|
|
|a DD
|
| 958 |
|
|
|a ONDV
|
| 999 |
|
|
|c 889613
|d 891543
|
| 952 |
|
|
|a SNK
|b SNK
|y PREZ
|7 0
|p 17A1485052
|o snkSD 56077/prív.1
|i snkF 2521/84
|8 5
|0 0
|1 0
|4 0
|d 2022-04-19
|l 0
|r 2026-02-24 06:40:44
|w 2026-02-24
|
| 952 |
|
|
|a SNK
|b SNK
|y PREZ
|7 0
|p 17A1485053
|o snkSD 56077/prív.1 D1
|i snkF 593/86
|8 5
|0 0
|1 0
|4 0
|d 2022-04-19
|l 0
|r 2026-02-24 06:40:44
|w 2026-02-24
|